000 00419nab a2200145Ia 4500
003 ES-SlBCS
005 20210601124309.0
008 140529s1980 xxu||||| |||| 00| 0 eng d
041 _aeng
100 1 _aWagner, Kenneth
_9139357
245 0 0 _aIdeology and Career Education
_c Kenneth Wagner
650 0 4 _aEducación
_986687
773 0 _tEducational Theory
_gvol. 30, nº. 2, 1980, págs. 105-114
_wRev1399
942 _cAR
999 _c512512
_d512512